Redes sociales para gobernar: una mirada de América Latina /

Furkejuvvon:
Bibliográfalaš dieđut
Váldodahkki: Riorda, Mario
Materiálatiipa: Girji
Giella:Spanish
Fáddágilkorat: Lasit fáddágilkoriid
Eai fáddágilkorat, Lasit vuosttaš fáddágilkora!

MARC

LEADER 00000nam a22000007a 4500
003 cru CIDCACS/IIS
005 20170720104057.0
007 ta
008 170720s2017 ag ||||| |||| 00| 0 spa d
999 |c 19463  |d 19463 
040 |c cru CIDCACS/IIS 
100 1 |9 5006  |a Riorda, Mario 
245 |a Redes sociales para gobernar:  |b una mirada de América Latina /  |c Mario Riorda 
300 |a páginas 88-95 
773 0 |0 19022  |9 1035  |a Fundación Friedrich Ebert  |d Fundación Friedrich Ebert; Nueva Sociedad  |o 18806  |t Nueva Sociedad / 
942 |2 ddc  |c PP